000 00763nam a2200181Ia 4500
008 100920s9999 xx 000 0 und d
082 _b74791
_a375 थ 87
100 _aगावडे प्र. ल.
245 _aदहावी : अभ्यास व परीक्षा मंत्र आणि तंत्र.
260 _bसुरेश एजन्सी, पुणे.
_c1987
300 _a70
_bसाधी
365 _b10
520 _aशालो.
630 _aदहावी : अभ्यास व परीक्षा मंत्र आणि तंत्र.
650 _aशालो.
730 _aदहावी : अभ्यास व परीक्षा मंत्र आणि तंत्र.
942 _cBOOK
999 _c716359
_d716356